| 000 | 00359 a2200157 4500 | ||
|---|---|---|---|
| 001 | 192988 | ||
| 020 | _a978-85-96-01004-7 | ||
| 040 | _cMagnum | ||
| 100 | _aPorto, Cristina | ||
| 240 | 1 | 0 |
_aCaminhos do são francisco _lpor |
| 245 | 1 | 0 | _aCaminhos do são francisco |
| 300 | _a191 | ||
| 362 | 0 | _a2017 | |
| 697 | _aLITERATURA INFANTO-JUVENIL | ||
| 942 | _cBK | ||
| 999 |
_c192988 _d192988 |
||